| 000 | 00977nac a22002897a 4500 | ||
|---|---|---|---|
| 001 | BR8206861 | ||
| 003 | BR-BrBNA | ||
| 005 | 20240105115552.0 | ||
| 008 | 230509b bl.|||m| |||| 00| 0 por d | ||
| 040 |
_aBR-BrBNA _bpor _cBiblioteca Nacional de Agricultura |
||
| 072 | _aF01; F07 | ||
| 090 | _a0960 BR8206861 | ||
| 100 | 1 | _aFonseca, V.O. da | |
| 100 | 1 | _aDaniels, J. | |
| 100 | 1 | _aAssis, M. de | |
| 100 | 1 | _aLeal, M. de L. | |
| 110 | 1 | _aUnidade de Execucao de Pesquisa de Ambito Estadual de Cascata, Pelotas, RS (Brasil) | |
| 245 | 1 | _aViabilidade economica do tratamento de solo para o cultivo de morangueiro | |
| 260 | 3 |
_aCascata, RS (Brasil): _c1982. |
|
| 300 | _a13 p. | ||
| 490 |
_aComunicado Tecnico - Unidade de Execucao de Pesquisa de Ambito Estadual de Cascata (Brazil) _vno. 28 _xISSN 0100-7211 |
||
| 650 | _aMORANGO | ||
| 650 | _aPLANTIO | ||
| 650 | _aFUMIGACAO DO SOLO | ||
| 909 |
_a202312 _bLúcia Elande _c55 _dLúcia Elande |
||
| 942 |
_2AGRIS _n0 _cMS |
||
| 999 |
_c275360 _d275360 |
||